| 000 | 00702nam a22002057a 4500 | ||
|---|---|---|---|
| 005 | 20241204101828.0 | ||
| 008 | 240705b |||||||| |||| 00| 0 eng d | ||
| 040 |
_aKMU _cKMU _dKMU _erda |
||
| 050 | _aSH 302.7 | ||
| 100 | _aKawarazuka,Naomi | ||
| 245 |
_aThe contribution to fish intake,aquaculture,and small-scale fisheries to improving food and nutrition security: _bA literature review/ _cNaomi Kawazuka |
||
| 260 |
_aMalaysia: _cWordFish Center, _b2010. |
||
| 300 |
_a51 p.: _bill.; _c28cm |
||
| 490 | _aThe WorldFish Center working paper No.2106. | ||
| 600 | _cWorldFish Center | ||
| 600 | _cAquaculture | ||
| 600 | _cNutrition Security | ||
| 600 | _cSmall-scale Fisheries | ||
| 942 |
_2lcc _cBK _n0 |
||
| 999 |
_c1470 _d1470 |
||